| 000 | 00613nam a2200193 i 4500 | ||
|---|---|---|---|
| 001 | 54941 | ||
| 003 | ES-MaACL | ||
| 005 | 20250511094119.0 | ||
| 007 | t| | ||
| 008 | 920725s1954 sp |||| | spa d | ||
| 080 | _a86-992"19" | ||
| 100 | 0 |
_aK-Hito. _9142494 |
|
| 245 | 1 | 0 |
_aAnda que te anda _b: crónicas viajeras / _cK-Hito [seud.] ; prólogo de Fernando Castán Palomar. |
| 260 |
_a[Madrid] : _bAnaquel de "Dígame", _c[1954] ( _fLa Editorial Católica) |
||
| 300 |
_a288 p. ; _c21 cm. |
||
| 700 | 1 |
_aCastán Palomar, Fernando, _d1898-1963 _936390 |
|
| 852 |
_aES-MaACL _jC-10087 |
||
| 999 |
_c54941 _d54941 |
||